Pensamiento político : revista de afirmación mexicana : mayo 1969 /

Publicación periódica de divulgación de las ideas políticas mexicanas, dentro de un marco universal, donde se estudian las estructuras del poder, los hechos históricos, las organizaciones, las teorías y los sistemas, desde las miradas de la filosofía, la ciencia y la práctica política.

Gardado en:
Detalles Bibliográficos
Outros autores: Flores Tapia, Oscar (dirección) (dirección)
Formato: Libro
Idioma:Lingua castelá
Publicado: México : Cultura y Ciencia Política, 1969
Temas:
Etiquetas: Engadir etiqueta
Sen Etiquetas, Sexa o primeiro en etiquetar este rexistro!

MARC

LEADER 00000nam^a2200000^a^4500
001 000419453
005 20250526000000.0
009 20260310122444.705
037 |a Acervo ITESO - Biblioteca 
041 |a ESP 
082 |a 320. 05  |b PEN V. 1 
240 1 1 |a [Pensamiento político] 
245 0 0 |a Pensamiento político :  |b revista de afirmación mexicana : mayo 1969 /  |c Dir. de O. Flores Tapia. 
264 1 |a México :  |b Cultura y Ciencia Política,  |c 1969 
300 |a 144 p. ;  |c 24.0 cm. 
336 |a texto  |b txt  |2 rdacontenido 
337 |a sin mediación  |b n  |2 rdamedio 
338 |a volumen  |b nc  |2 rdasoporte 
520 |a Publicación periódica de divulgación de las ideas políticas mexicanas, dentro de un marco universal, donde se estudian las estructuras del poder, los hechos históricos, las organizaciones, las teorías y los sistemas, desde las miradas de la filosofía, la ciencia y la práctica política. 
649 |a XX 
650 |a Literatura y Política 
650 |a Política Agraria -  |z México -  |x Historia -  |y 1910-1946 
650 |a Política -  |z México -  |x Historia -  |y 1910-1946 
650 |a Sistema Electoral 
650 |a Elecciones 
650 |a Proceso Político 
650 |a Infraestructura 
650 |a Materialismo Histórico y Dialéctico 
650 |a Marxismo 
650 |a Filosofía Política 
650 |a Izquierda, La 
650 |a Derecha, La 
650 |a Política -  |x Teoría 
650 |a Política -  |x Publicaciones Periódicas Mexicanas -  |x Tema Principal 
700 |a Flores Tapia, Oscar  |e (dirección) 
910 |a Fondo Alfonso de Alba Martín 
920 |a Impresos - Libros 
930 |a Libros Antiguos y Raros 
905 |a 125 
901 |a 0500338822  |b IT2  |c LRA  |i D97811  |u 20250526 
902 |a https://opac.biblio.iteso.mx/vufind/Record/000419453